Estructuras de datos en JAVAtm: compatible con JAVAtm2

שמור ב:
מידע ביבליוגרפי
מחבר ראשי: Weiss, Mark Allen (Author)
פורמט: ספר
שפה:ספרדית
יצא לאור: Madrid Pearson Educación 2000
נושאים:
תגים: הוספת תג
אין תגיות, היה/י הראשונ/ה לתייג את הרשומה!

MARC

LEADER 00000nam a2200000 a 4500
001 UCN4470
003 CL-VaPUC
008 010803e20000000SP |||||||||||||||||spa|d
082 0 4 |a 005.133  |b WEI  |2 21 
100 0 |a Weiss, Mark Allen  |e author  |9 460927 
245 1 0 |a Estructuras de datos en JAVAtm: compatible con JAVAtm2 
300 |a 740 p 
942 |c BK 
945 |d 20010803 00:00:00  |a cmena 
260 |a Madrid  |b Pearson Educación  |c 2000 
650 0 |a Java  |9 370043 
650 0 |a Programas de computadores   |9 260046 
650 0 |a Lenguajes de programación   |9 259458 
650 7 |a SOLUCION DE PROBLEMAS  |2 CL-VaPUC  |9 270958 
650 0 |a Proceso de datos   |9 259776 
583 |a last modification  |c 20010803 00:00:00  |k Rodrigo Vera 
999 |c 296707  |d 296705 
952 |0 0  |1 0  |2 ddc  |4 0  |6 005_133000000000000_WEI_2000  |7 0  |8 A  |9 350758  |a BIBING  |b BIBING  |c RES  |d 2019-11-20  |i 3743403  |o 005.133 WEI 2000  |p 3743403  |r 2025-01-20  |w 2019-11-20  |y BK  |k CCI 
952 |0 0  |1 0  |2 ddc  |4 0  |6 005_133000000000000_WEI_2000  |7 0  |8 A  |9 350759  |a BIBING  |b BIBING  |c RES  |d 2019-11-20  |i 3743411  |o 005.133 WEI 2000  |p 3743411  |r 2025-01-20  |w 2019-11-20  |y BK  |k CCI 
952 |0 0  |1 0  |2 ddc  |4 0  |6 005_133000000000000_WEI_2000  |7 0  |8 A  |9 350760  |a BIBING  |b BIBING  |c RES  |d 2019-11-20  |i 374342K  |o 005.133 WEI 2000  |p 374342K  |r 2025-01-20  |w 2019-11-20  |y BK  |k CCI 
952 |0 0  |1 0  |2 ddc  |4 0  |6 005_133000000000000_WEI_2000  |7 0  |8 A  |9 350761  |a BIBING  |b BIBING  |c RES  |d 2019-11-20  |i 3743438  |o 005.133 WEI 2000  |p 3743438  |r 2025-01-20  |w 2019-11-20  |y BK  |k CCI 
952 |0 0  |1 0  |2 ddc  |4 0  |6 005_133000000000000_WEI_2000  |7 0  |8 A  |9 350762  |a BIBING  |b BIBING  |c RES  |d 2019-11-20  |i 3743446  |o 005.133 WEI 2000  |p 3743446  |r 2025-01-20  |w 2019-11-20  |y BK  |k CCI 
952 |0 0  |1 0  |2 ddc  |4 0  |6 005_133000000000000_WEI_2000  |7 0  |8 A  |9 350763  |a BIBING  |b BIBING  |c RES  |d 2019-11-20  |i 3743454  |o 005.133 WEI 2000  |p 3743454  |r 2025-01-20  |w 2019-11-20  |y BK  |k CCI 
952 |0 0  |1 0  |2 ddc  |4 0  |6 005_133000000000000_WEI_2000  |7 0  |8 A  |9 350764  |a BIBING  |b BIBING  |c RES  |d 2019-11-20  |i 3743462  |o 005.133 WEI 2000  |p 3743462  |r 2025-01-20  |w 2019-11-20  |y BK  |k CCI 
952 |0 0  |1 0  |2 ddc  |4 0  |6 005_133000000000000_WEI_2000  |7 0  |8 A  |9 350765  |a BIBING  |b BIBING  |c RES  |d 2019-11-20  |i 3743489  |o 005.133 WEI 2000  |p 3743489  |r 2025-01-20  |w 2019-11-20  |y BK  |k CCI 
952 |0 0  |1 0  |2 ddc  |4 0  |6 005_133000000000000_WEI_2000  |7 0  |8 A  |9 350766  |a BIBING  |b BIBING  |c RES  |d 2019-11-20  |i 3743497  |o 005.133 WEI 2000  |p 3743497  |r 2025-01-20  |w 2019-11-20  |y BK  |k CCI 
952 |0 0  |1 0  |2 ddc  |4 0  |6 005_133000000000000_WEI_2000  |7 0  |8 A  |9 350767  |a BIBING  |b BIBING  |c RES  |d 2019-11-20  |i 3858456  |o 005.133 WEI 2000  |p 3858456  |r 2025-01-20  |w 2019-11-20  |y BK  |k EII